Datum a čas kvízu
42.5
Celkem bodů
Celkový počet nahraných bodů na tomto kvízu bez doplňovacích otázek.
1.
Pořadí na kvízu
Konečné umístění týmu na tomto kvízu.
Zaznamenané odpovědi
| # | Otázka | Odpověď | Body | Výsledky |
|---|---|---|---|---|
| 1. | V úterý byli do pražské zoo př... | (lední) medvědi | 1 | |
| 2. | Buckinghamský palác odhalil v... | D) motýl | 1 | |
| 3. | Jeden z 28 evropských koncertů... | Thirty Seconds to Mars (30 Seconds to Mars) | 1 | |
| 4. | Bývalá manželka Billa Gatese M... | Gatesova nadace | 0 | |
| 5. | V sobotu se v Rijádu konal dlo... | Tyson Fury, Oleksandr Usyk | 1 | |
| 6. | Bájného českého knížete Kroka,... | Krakov | 1 | |
| 7. | Podle pověsti prý zvony z kost... | ve čtvrtek (na Zelený čtvrtek) | 1 | |
| 8. | Přiřaďte k sobě dvojice hrdinů... | 1A 2B 3D 4C | 0 | |
| 9. | Václav Podbrdský byl kameník,... | A | 1 | |
| 10. | Pokud dokážete určit, co tento... | Stadice | 0 |